000 00767nam a22002177a 4500
001 BD-DhSAU 7342
003 BD-DhSAU
005 20150522095432.0
008 150522b1973 bg a||||r|||| 000 0 ben d
040 _aBD-DhSAU
082 _222
_a330.15492
_bALB
100 _aআলম, এস, এম,
245 _aবাংলাদেশ অর্থনীতি /
_cএস, এম, নুরুল আলম
260 _aঢাকা :
_bপ্রভিন্সিয়াল বুক ডিপো,
_c১৯৭৩.
300 _ax, ৫৮৯ পৃ. :
_bচিত্র ;
_c২১ সেমি
590 _ajoy
650 _aEconomics.
650 _aঅর্থনীতি
650 _aঅর্থনীতি
_zবাংলাদেশ
942 _2ddc
_cBOOK
999 _c7342
_d7342